Justicia penal y derechos humanos: libertad personal, políticas persecutorias sexo y derecho penal
Na minha lista:
| Autor principal: | |
|---|---|
| Formato: | Livro |
| Idioma: | espanhol |
| Publicado em: |
Buenos Aires
Del Puerto
2005
|
| Assuntos: | |
| Tags: |
Adicionar Tag
Sem tags, seja o primeiro a adicionar uma tag!
|
MARC
| LEADER | 00000nam a2200000 a 4500 | ||
|---|---|---|---|
| 001 | UCI6310 | ||
| 003 | CL-VaPUC | ||
| 008 | 080430e20050000AG |||||||||||||||||spa|d | ||
| 020 | |a 9879120663 | ||
| 082 | 0 | 4 | |a 345 |b BOV |2 21 |
| 100 | 0 | |a Bovino, Alberto |e author |9 529121 | |
| 245 | 1 | 0 | |a Justicia penal y derechos humanos: libertad personal, políticas persecutorias sexo y derecho penal |
| 300 | |a 361 p | ||
| 942 | |c BK | ||
| 945 | |d 20080430 00:00:00 |a rbrito | ||
| 260 | |a Buenos Aires |b Del Puerto |c 2005 | ||
| 650 | 7 | |a DERECHO PENAL |2 CL-VaPUC |9 11 | |
| 650 | 0 | |a Derechos civiles |9 255655 | |
| 650 | 0 | |a Justicia |9 255408 | |
| 650 | 0 | |a Agresiones sexuales |9 529122 | |
| 650 | 7 | |a LIBERTAD PERSONAL |2 CL-VaPUC |9 529123 | |
| 650 | 0 | |a Derechos humanos |9 223025 | |
| 583 | |a last modification |c 20080430 00:00:00 |k Rodrigo Vera | ||
| 999 | |c 329833 |d 329831 | ||
| 952 | |0 0 |1 0 |4 0 |6 345_000000000000000_BOV_2005 |7 0 |8 A |9 414947 |a BIBDER |b BIBDER |d 2019-11-22 |i 443594K |o 345 BOV 2005 |p 443594K |r 2023-01-25 |w 2019-11-22 |y BK |k DER | ||